English Nature report on coasts (Record no. 71538)

MARC details
000 -LEADER
fixed length control field 00951cam a2200193 4500
001 - CONTROL NUMBER
control field WB3841-10
008 - FIXED-LENGTH DATA ELEMENTS--GENERAL INFORMATION
fixed length control field 021106n2002 000 0 eng u
035 ## - SYSTEM CONTROL NUMBER
System control number (Sirsi) u120388
245 ## - TITLE STATEMENT
Title English Nature report on coasts
260 ## - PUBLICATION, DISTRIBUTION, ETC.
Date of publication, distribution, etc. 2002
490 ## - SERIES STATEMENT
Series statement English Nature Press Release
Volume/sequential designation (EN/02/58) 06 November 2002, (2)
520 ## - SUMMARY, ETC.
Summary, etc. "State of nature: maritime- getting onto an even keel" reports on damage and decline of English seas and coasts. Reveals that despite important initiatives to protect marine environment, it is showing signs of stress and low resilience to continuing pressure. Copies of report available from t +44 (0)1733 455190 or downloadable from www.english-nature.org.uk English Nature Press Release www.english-nature.org.uk/news/story.asp?ID=427
590 ## - LOCAL NOTE (RLIN)
Local note WB
650 ## - SUBJECT ADDED ENTRY--TOPICAL TERM
Topical term or geographic name entry element MARINE ENVIRONMENT
650 ## - SUBJECT ADDED ENTRY--TOPICAL TERM
Topical term or geographic name entry element COASTAL MANAGEMENT
650 ## - SUBJECT ADDED ENTRY--TOPICAL TERM
Topical term or geographic name entry element SEA DEFENCES
690 ## - LOCAL SUBJECT ADDED ENTRY--TOPICAL TERM (OCLC, RLIN)
Topical term or geographic name as entry element ENVIRONMENTAL AND LAND CONSULTANCY
942 ## - ADDED ENTRY ELEMENTS (KOHA)
Suppress in OPAC 0
Holdings
Withdrawn status Lost status Source of classification or shelving scheme Damaged status Not for loan Home library Current library Shelving location Date acquired Total Checkouts Full call number Barcode Date last seen Copy number Price effective from Koha item type
    Dewey Decimal Classification     London London News article 06/11/2002   WB3841-10 120388-1001 06/08/2019 1 06/08/2019 News article